| 000 | 00697cam a2200217 4500 | ||
|---|---|---|---|
| 005 | 20251001083509.0 | ||
| 008 | 030910s2001 ag 000 0 spa u | ||
| 020 | _a9507273050 (v. 1) | ||
| 020 | _a9507273093 (v. 2) | ||
| 020 | _a9507273247 (v. 3) | ||
| 050 | 0 | 0 |
_aKHA480 _bM46 2001 |
| 100 | 1 | _aMéndez Costa, María Josefa. | |
| 245 | 1 | 0 |
_aDerecho de familia _c / María Josefa Méndez Costa, Daniel Hugo D'Antonio |
| 250 | _a1a ed. | ||
| 260 |
_aBuenos Aires : _bRubinzal-Culzoni Editores, _c2001 |
||
| 300 |
_a3 v. ; _c23 cm. |
||
| 504 | _aIncluye bibliografía | ||
| 650 | 7 |
_2lemb _aDerecho de familia _zArgentina |
|
| 700 | 1 |
_aD'Antonio, Daniel Hugo, _eautor |
|
| 942 |
_2lcc _cLIB |
||
| 999 |
_c135787 _d135787 |
||